Transcendental and algebraic numbers /
Guardado en:
| Autor Principal: | |
|---|---|
| Otros Autores: | |
| Formato: | Libro |
| Idioma: | English Russian |
| Publicado: |
New York :
Dover,
1960.
|
| Etiquetas: |
Agregar Etiqueta
Sin Etiquetas, Sea el primero en etiquetar este registro!
|
| LEADER | 00676nam a22001815a 4500 | ||
|---|---|---|---|
| 001 | MAT.inmabb001148 | ||
| 008 | 031120s1960####nyu###########000#0#eng#d | ||
| 005 | 20160804121009.0 | ||
| 245 | 1 | 0 | |a Transcendental and algebraic numbers / |c by A. O. Gelfond ; translated from the 1st Russian ed. by Leo F. Boron. |
| 260 | |a New York : |b Dover, |c 1960. | ||
| 300 | |a vii, 190 p. ; |c 21 cm. | ||
| 510 | 4 | |a MR, |c 22 #2598 | |
| 100 | 1 | |a Gel´fond, A. O. |q (Aleksandr Osipovich), |d 1906- | |
| 240 | 1 | 0 | |a Transtsendentnye i algebraicheskie chisla. |l Inglés |
| 700 | 1 | |a Boron, Leo F. |4 trl | |
| 041 | 1 | |a eng |h rus | |
| 859 | |h 11 |i G316t |p A-1161 |b BIB. MATEMATICA | ||
| 859 | |h 11 |i G316t |p A-1563 |t Ej. 2 |b BIB. MATEMATICA | ||
